| 000 | 00000nam 2200000za 4500 |
| 001 | 9.840951 |
| 003 | CaOODSP |
| 005 | 20221107151953 |
| 007 | cr ||||||||||| |
| 008 | 170803s1973 oncad ob f000 0 eng d |
| 040 | |aCaOODSP|beng |
| 043 | |an-cn--- |
| 086 | 1 |aM38-8/123E-PDF|zM38-8/123 |
| 100 | 1 |aLarocque, G. E. |
| 245 | 10|aSeismic measurements and bore hole photographic observation |h[electronic resource] / |cG.E. Larocque, F. Kapeller and D.F. Coates. Comparative ground-shock measurements for evaluating pre-splitting / G.E. Larocque and D.F. Coates. |
| 246 | 30|aComparative ground-shock measurements for evaluating pre-splitting |
| 260 | |aOttawa : |bInformation Canada, |c1973. |
| 300 | |ap. 44-45, p. 33-38 : |bcharts, ill. |
| 490 | 1 |aReprint series ; |vRS 123 |
| 500 | |aCover title. |
| 500 | |a"Reprinted from Canadian Mining Journal, volume 94, number 3, pp. 44-45, March, Montreal, 1973." |
| 500 | |a"Reprinted from Western Miner, volume 45, number 12, pp. 33, 34, 36, 38, December, Vancouver, 1972." |
| 500 | |aHistorical publication digitized from print 2017 [by Natural Resources Canada]. |
| 504 | |aIncludes bibliographical references. |
| 692 | 07|2gccst|aMining industry |
| 692 | 07|2gccst|aRocks |
| 700 | 1 |aKapeller, F. |
| 700 | 1 |aCoates, D. F., |d1923- |
| 710 | 1 |aCanada. |bNatural Resources Canada. |
| 710 | 1 |aCanada. |bDepartment of Energy, Mines and Resources. |
| 710 | 1 |aCanada. |bMines Branch. |
| 830 | #0|aReprint series - Dept. of Energy, Mines and Resources, Mines Branch ;|vRS 123|w(CaOODSP)9.834843 |
| 856 | 40|qPDF|s3.81 MB|uhttps://publications.gc.ca/collections/collection_2017/rncan-nrcan/M38-8/M38-8-123-eng.pdf |
| 986 | |a300202 |